00234nam a2200085Ia 4500082002100000100003000021245005800051260003000109300000900139 a954.041508 ASS-P aAssam University, Silchar 0aPartition and Northeast India: a collection of papers aSilcharbAssam University av.p.